000
00322nam a22001337a 4500
008
170621b xxu||||| |||| 00| 0 eng d
020
_a
081562330
041
_a
eng
080
_a
94
100
_a
18
101
_a
SHH
245
_a
ISLAM REVOLUTION FUNDAMENTALS IN THE ARAB WORLD
_c
DEKMEJLAN.R.H
942
_2
udc
_c
BK
999
_c
18470
_d
18470